Data Mining: Concepts and Systems (Record no. 394836)

MARC details
000 -LEADER
fixed length control field 00374 a2200145 4500
000 - LEADER
fixed length control field nam a22 7a 4500
020 ## - INTERNATIONAL STANDARD BOOK NUMBER
International Standard Book Number 9781804892299
100 ## - MAIN ENTRY--PERSONAL NAME
Personal name Hazel Sutherland
110 ## - MAIN ENTRY--CORPORATE NAME
Corporate name or jurisdiction name as entry element Hazel Sutherland
245 ## - TITLE STATEMENT
Title Data Mining: Concepts and Systems
250 ## - EDITION STATEMENT
Edition statement latest
260 ## - PUBLICATION, DISTRIBUTION, ETC.
Name of publisher, distributor, etc. BRILLIANCE PUBLICATIONS
Date of publication, distribution, etc. 2025
264 ## - PRODUCTION, PUBLICATION, DISTRIBUTION, MANUFACTURE, AND COPYRIGHT NOTICE
Name of producer, publisher, distributor, manufacturer BRILLIANCE PUBLICATIONS
Date of production, publication, distribution, manufacture, or copyright notice 2025
942 ## - ADDED ENTRY ELEMENTS (KOHA)
Koha item type Books
Holdings
Date last seen Total checkouts Barcode Cost, replacement price Price effective from Koha item type Lost status Source of classification or shelving scheme Damaged status Not for loan Withdrawn status Home library Current library Date acquired Source of acquisition Cost, normal purchase price
25/02/2026   438576 11677.40 25/02/2026 Books   Dewey Decimal Classification       VIVEKANANDA LIBRARY VIVEKANANDA LIBRARY 25/02/2026 9 8758.05
© Designed and Maintained by Vivekananda Library, MDU Rohtak